Donde vuelan los cóndores, una pesadilla y una esperanza

Gorde:
Xehetasun bibliografikoak
Egile nagusia: Bastías Guzmán, Eduardo (Egilea)
Formatua: Liburua
Hizkuntza:gaztelania
Argitaratua: Santiago Andrés Bello 2001
Edizioa:7a. ed
Gaiak:
Etiketak: Etiketa erantsi
Etiketarik gabe, Izan zaitez lehena erregistro honi etiketa jartzen!

MARC

LEADER 00000nam a2200000 a 4500
001 UCH8507
003 CL-VaPUC
008 091127e20010100CL |||||||||||||||||spa|d
020 |a 956131424X 
082 0 4 |a Ch863  |b BAS  |2 21 
100 0 |a Bastías Guzmán, Eduardo  |e author  |9 545081 
245 1 0 |a Donde vuelan los cóndores, una pesadilla y una esperanza 
250 |a 7a. ed 
300 |a 109 p 
942 |c BK 
945 |d 20091127 00:00:00  |a lazolas 
260 |a Santiago  |b Andrés Bello  |c 2001 
500 |a Incluye guía para la comprensión de la novela 
650 0 |a Novelas chilenas   |9 265425 
650 0 |a Literatura juvenil   |9 309909 
583 |a last modification  |c 20091127 00:00:00  |k Rodrigo Vera 
999 |c 338718  |d 338716